مكتبة جامعة عجلون الوطنية

فهرس بحث المكتبة

 The Way of the world (Record no. 2891)

MARC details
000 -LEADER
fixed length control field 00684nam a2200205Ii 4500
003 - CONTROL NUMBER IDENTIFIER
control field JO-AjNU
008 - FIXED-LENGTH DATA ELEMENTS--GENERAL INFORMATION
fixed length control field 230606s9999||||xx |||||||||||||| ||und||
040 ## - CATALOGING SOURCE
Original cataloging agency JO-AjNU
Language of cataloging eng
Description conventions rda
Transcribing agency JO-AjNU
041 ## - LANGUAGE CODE
Language code of text/sound track or separate title eng
050 14 - LIBRARY OF CONGRESS CALL NUMBER
Classification number PR3364.W33 K44 1970
100 3# - MAIN ENTRY--PERSONAL NAME
Personal name Congreve, William , Kathleen M. Lynch (editor),
Relator term author
9 (RLIN) 5590
245 00 - TITLE STATEMENT
Title  The Way of the world
264 31 - PRODUCTION, PUBLICATION, DISTRIBUTION, MANUFACTURE, AND COPYRIGHT NOTICE
Place of production, publication, distribution, manufacture London :Edward Arnold ,1970
300 ## - PHYSICAL DESCRIPTION
Extent 136p
336 ## - CONTENT TYPE
Content type term text
Content type code txt
Source rdacontent
337 ## - MEDIA TYPE
Media type term unmediated
Media type code n
Source rdamedia
338 ## - CARRIER TYPE
Carrier type term volume
Carrier type code nc
Source rdacarrier
490 0# - SERIES STATEMENT
Series statement  Studies in English literature (London, England) ; no. 73 
650 #4 - SUBJECT ADDED ENTRY--TOPICAL TERM
Topical term or geographic name entry element Congreve, William, 1670-1729. Way of the world. 
9 (RLIN) 5591
Holdings
Withdrawn status Lost status Source of classification or shelving scheme Damaged status Not for loan Home library Current library Shelving location Date acquired Total Checkouts Full call number Barcode Date last seen Price effective from Koha item type
    Library of Congress Classification     مكتبة جامعة عجلون الوطنية مكتبة جامعة عجلون الوطنية المجموعات العامة 06/06/2023   PR3364.W33 K44 1970 E2893 06/06/2023 06/06/2023 Books